000 00576nmm a2200205Ia 4500
008 251105s9999||||xx |||||||||||||||||und||
020 _a9788475220161
041 _aspa
100 _aMayakovskï, Vladimir
245 0 _aPoemas 1913 - 1916
264 _a[Madrid, España] :
_bVisor Libros,
_c1993
300 _a136 páginas
490 _aVisor de Poesía
650 _aOther poetry
700 _aMayakovskï, Vladimir
700 1 _a Fernández Sánchez, José
700 1 _a Trotsky, León
856 _uhttps://public.digitaliapublishing.com/a/76742
942 _cCF
999 _c68664
_d68664